000 00336nam a2200157Ia 4500
003 0STCL
008 150530s9999 xx 000 0 und d
040 _aSTCL
_cSTCL
100 _aScheling
245 _aEnglish drama
260 _bS.Chand
_c1963
546 _aEnglish
942 _2ddc
_cBK
999 _c56181
_d56181
005 20220125171005.0